Statistics for Top 30 RBs in NFL History

Click here to take the quiz!

General Stats

  • This quiz has been taken 170 times
  • The average score is 16 of 30

Answer Stats

#Answer% Correct
3Barry Sanders
93%
4Emmitt Smith
88%
1Jim Brown
88%
2Walter Peyton
85%
6LaDanian Tomlinson
78%
8Adrian Peterson
77%
5Eric Dickerson
70%
18Frank Gore
67%
13Marshall Faulk
65%
28Chris Johnson
59%
16Jerome Bettis
59%
9Terrell Davis
56%
12O.J Simpson
55%
15Earl Campbell
53%
23Marshawn Lynch
52%
10Franco Harris
51%
22Thurman Thomas
51%
11Curtis Martin
50%
14Tony Dorsett
45%
19Edgerrin James
44%
7Marcus Allen
44%
29Tiki Barber
44%
20Fred Taylor
41%
21John Riggins
40%
27Jamal Lewis
38%
17Corey Dillon
36%
24Ottis Anderson
32%
26Ricky Watters
20%
30Marion Motley
17%
25Joe Perry
9%

Score Distribution

Percentile by Number Answered

Percent of People with Each Score

Your Score History

You have not taken this quiz